Experiencing the frontier and the frontier of experience : barbarian perspectives and Roman strategies to deal with new threats /
This volume considers the Roman Empire's responses to the threats which were caused by the new geostrategic situation brought on by the crisis of the 3rd century AD, induced by the 'barbarians' who - often already part of Roman military structures as mercenaries and auxiliaries - beca...
مؤلفون آخرون: ,
التنسيق: كتاب الكتروني
اللغة: English
منشور في:
Oxford :
Archaeopress Publishing Ltd,
2020.
سلاسل:
Archaeopress Roman archaeology ;
76.
الموضوعات:
الوصول للمادة أونلاين: Login to view Source
الوسوم: إضافة وسم
رقم الطلب: DG276
| LEADER | 02198nam a2200469 i 4500 | ||
|---|---|---|---|
| 001 | EDZ0002411830 | ||
| 003 | StDuBDS | ||
| 005 | 20230412182851.0 | ||
| 006 | m|||||o||d|||||||| | ||
| 007 | cr ||||||||||| | ||
| 008 | 201214s2020 enka fob 000|0|eng|d | ||
| 020 | |a 9781789696820 (PDF ebook) : |c No price | ||
| 024 | 7 | |a 10.32028/9781789696813 |2 doi | |
| 040 | |a StDuBDS |b eng |c StDuBDS |e rda |e pn | ||
| 050 | 4 | |a DG276 | |
| 082 | 0 | 4 | |a 937.07 |2 23 |
| 245 | 0 | 0 | |a Experiencing the frontier and the frontier of experience : |b barbarian perspectives and Roman strategies to deal with new threats / |c edited by Alexander Rubel and Hans-Ulrich Vo. |
| 264 | 1 | |a Oxford : |b Archaeopress Publishing Ltd, |c 2020. | |
| 300 | |a 1 online resource (244 pages) : |b illustrations (black and white, and colour). | ||
| 336 | |a text |2 rdacontent | ||
| 336 | |a still image |2 rdacontent | ||
| 337 | |a computer |2 rdamedia | ||
| 338 | |a online resource |2 rdacarrier | ||
| 490 | 1 | |a Archaeopress Roman archaeology ; |v 76 | |
| 500 | |a Also issued in print: 2020. | ||
| 504 | |a Includes bibliographical references. | ||
| 520 | 8 | |a This volume considers the Roman Empire's responses to the threats which were caused by the new geostrategic situation brought on by the crisis of the 3rd century AD, induced by the 'barbarians' who - often already part of Roman military structures as mercenaries and auxiliaries - became a veritable menace for the Empire. | |
| 521 | |a Specialized. | ||
| 588 | |a Description based on online resource; title from PDF title page (viewed on January 27, 2021). | ||
| 651 | 0 | |a Rome |x History |y Empire, 284-476. | |
| 651 | 0 | |a Rome |x Boundaries. | |
| 651 | 0 | |a Rome |x Foreign relations. | |
| 651 | 0 | |a Rome |x Antiquities. | |
| 650 | 0 | |a Excavations (Archaeology) | |
| 700 | 1 | |a Rubel, Alexander, |d 1969- |e editor. | |
| 700 | 1 | |a Voss, Hans-Ulrich, |e editor. | |
| 776 | 0 | 8 | |i Print version : |z 9781789696813 |
| 830 | 0 | |a Archaeopress Roman archaeology ; |v 76. | |
| 856 | 4 | 0 | |3 Archaeopress |u http://library.arce.org:8087/Archaeopress/Products/9781789696813 |
| 942 | |2 lcc |c EBOOK | ||
| 952 | |0 0 |1 0 |4 0 |6 DG0276 |7 1 |9 46724 |a ARCH |b ARCH |d 2023-04-12 |l 0 |o DG276 |r 2023-04-12 00:00:00 |w 2023-04-12 |y EBOOK | ||
| 999 | |c 52382 |d 52382 | ||
